Las polt̕icas migratorias en los estados de Mx̌ico Una evaluacin̤

Bibliographic Details
Format: eBook
Language:Spanish
Published: Ciudad de Mx̌ico: Cm̀ara de Diputados, 2007
Subjects:
Online Access:Acceso restringido

MARC

LEADER 00000nam a22000007a 4500
005 20171213181228.0
007 cr|||| |||
008 171213s2007 mx |||||s|||| 00||0 spa d
020 |a 978-970-701-956-0 
035 |a 20907 
040 |a vLex 
090 |c 7319  |d 7319 
245 0 3 |a Las polt̕icas migratorias en los estados de Mx̌ico  |h [Recurso electrn̤ico]:  |b Una evaluacin̤ 
256 |a Servicio en ln̕ea 
260 |a Ciudad de Mx̌ico:  |b Cm̀ara de Diputados,  |c 2007 
300 |a 1 recurso electrn̤ico 
506 1 |a Disponible solo en los productos indicados  |d vLex Global  |d vLex Global (Academic Edition, excluding Law Schools)  |d vLex Global (U.S. Academic Edition, Law Schools)  |d vLex Global (U.S. Academic Edition, excluding Law Schools)  |d vLex Global (Academic Edition, Law Schools) 
650 0 4 |a Derecho Constitucional  |z Mx̌ico 
650 0 4 |a Derecho Internacional  |z Mx̌ico 
740 0 |a vLex Libros (Servicio en ln̕ea) 
856 4 0 |u http://vlex.com/source/politicas-migratorias-en-los-estados-de-mexico-una-evaluacion-20907  |z Acceso restringido 
942 |c BOOK 
999 0 |a Constitutional law 
999 0 |a International law